000 00386 a2200169 4500
001 71947
020 _a8528100383
040 _cAnchieta - Colégio São Paulo
100 _aMachado, Ana Maria
240 1 0 _aBeto, o carneiro
_lpor
245 1 0 _aBeto, o carneiro
300 _a[20p.]
362 0 _a1993
440 1 _aSalamandra
650 4 _aLiteratura infanto-juvenil
942 _cBK
999 _c71947
_d71947